[Event "1st 4NCL Easter Congress"]
[Site "Stevenage"]
[Date "2019.04.22"]
[Round "6"]
[Board "7"]
[White "Cawston, M John"]
[Black "Slinger, Aj (Tony)"]
[Result "0-1"]
[WhiteElo "1837"]
[BlackElo "1859"]
[PlyCount "0"]
[EventDate "2019.04.19"]
[EventRounds "7"]
[EventCountry "ENG"]

1. Nf3 {[%clk 01:30:56]} {[%emt 00:00:03]} Nf6 {[%clk 01:30:52]} {[%emt
00:00:10]} 2. c4 {[%clk 01:31:21]} {[%emt 00:00:05]} g6 {[%clk 01:31:18]}
{[%emt 00:00:04]} 3. Nc3 {[%clk 01:31:35]} {[%emt 00:00:14]} Bg7 {[%clk
01:31:45]} {[%emt 00:00:04]} 4. g3 {[%clk 01:31:46]} {[%emt 00:00:19]} O-O
{[%clk 01:31:28]} {[%emt 00:00:48]} 5. Bg2 {[%clk 01:32:07]} {[%emt 00:00:07]}
d6 {[%clk 01:31:01]} {[%emt 00:00:59]} 6. d4 {[%clk 01:32:28]} {[%emt
00:00:08]} c6 {[%clk 01:31:11]} {[%emt 00:00:21]} 7. O-O {[%clk 01:32:51]}
{[%emt 00:00:06]} a6 {[%clk 01:31:29]} {[%emt 00:00:14]} 8. Bf4 {[%clk
01:29:21]} {[%emt 00:03:59]} Nbd7 {[%clk 01:18:49]} {[%emt 00:13:11]} 9. Rc1
{[%clk 01:27:36]} {[%emt 00:02:15]} Re8 {[%clk 01:15:27]} {[%emt 00:03:52]} 10.
d5 {[%clk 01:27:36]} {[%emt 00:00:30]} c5 {[%clk 01:14:57]} {[%emt 00:01:02]}
11. e4 {[%clk 01:18:13]} {[%emt 00:09:51]} Ng4 {[%clk 01:11:20]} {[%emt
00:04:08]} 12. h3 {[%clk 01:18:02]} {[%emt 00:00:39]} Nge5 {[%clk 01:11:35]}
{[%emt 00:00:17]} 13. Nxe5 {[%clk 01:16:51]} {[%emt 00:01:39]} Nxe5 {[%clk
01:12:00]} {[%emt 00:00:06]} 14. Qe2 {[%clk 01:13:38]} {[%emt 00:03:43]} b5
{[%clk 01:03:58]} {[%emt 00:08:33]} 15. b3 {[%clk 01:13:06]} {[%emt 00:01:01]}
bxc4 {[%clk 00:55:54]} {[%emt 00:08:35]} 16. bxc4 {[%clk 01:13:33]} {[%emt
00:00:02]} Qc7 {[%clk 00:50:27]} {[%emt 00:05:57]} 17. Be3 {[%clk 01:13:41]}
{[%emt 00:00:20]} Rb8 {[%clk 00:49:26]} {[%emt 00:01:34]} 18. f4 {[%clk
01:13:39]} {[%emt 00:00:30]} Nd7 {[%clk 00:49:50]} {[%emt 00:00:07]} 19. Qd3
{[%clk 01:12:24]} {[%emt 00:01:44]} Qa5 {[%clk 00:42:54]} {[%emt 00:07:28]} 20.
Rf2 {[%clk 01:05:42]} {[%emt 00:07:09]} Nf8 {[%clk 00:38:39]} {[%emt 00:04:48]}
21. Kh2 {[%clk 01:03:59]} {[%emt 00:02:13]} Bd7 {[%clk 00:38:29]} {[%emt
00:00:41]} 22. Bd2 {[%clk 00:54:36]} {[%emt 00:09:50]} Qc7 {[%clk 00:31:41]}
{[%emt 00:07:20]} 23. Rcf1 {[%clk 00:50:31]} {[%emt 00:04:35]} Rb2 {[%clk
00:30:26]} {[%emt 00:01:41]} 24. Bc1 {[%clk 00:50:25]} {[%emt 00:00:38]} Rxf2
{[%clk 00:30:48]} {[%emt 00:00:11]} 25. Rxf2 {[%clk 00:50:49]} {[%emt
00:00:05]} Rb8 {[%clk 00:29:04]} {[%emt 00:02:15]} 26. Rb2 {[%clk 00:49:12]}
{[%emt 00:02:04]} Rxb2 {[%clk 00:28:55]} {[%emt 00:00:41]} 27. Bxb2 {[%clk
00:49:41]} {[%emt 00:00:02]} Qb6 {[%clk 00:29:05]} {[%emt 00:00:20]} 28. Na4
{[%clk 00:48:35]} {[%emt 00:01:33]} Bxa4 {[%clk 00:29:21]} {[%emt 00:00:17]}
 0-1

[Event "1st 4NCL Easter Congress"]
[Site "Stevenage"]
[Date "2019.04.22"]
[Round "6"]
[Board "10"]
[White "Chin, Francis Cw"]
[Black "Gogia, Armaan"]
[Result "1-0"]
[WhiteElo "1944"]
[BlackElo "1816"]
[PlyCount "0"]
[EventDate "2019.04.19"]
[EventRounds "7"]
[EventCountry "ENG"]

1. d4 {[%clk 01:29:38]} {[%emt 00:01:21]} Nf6 {[%clk 01:30:50]} {[%emt
00:00:10]} 2. Nf3 {[%clk 01:29:55]} {[%emt 00:00:14]} g6 {[%clk 01:31:11]}
{[%emt 00:00:09]} 3. c4 {[%clk 01:30:17]} {[%emt 00:00:08]} Bg7 {[%clk
01:31:32]} {[%emt 00:00:08]} 4. Nc3 {[%clk 01:30:37]} {[%emt 00:00:11]} O-O
{[%clk 01:31:57]} {[%emt 00:00:05]} 5. g3 {[%clk 01:30:24]} {[%emt 00:00:43]}
d6 {[%clk 01:32:16]} {[%emt 00:00:11]} 6. Bg2 {[%clk 01:30:44]} {[%emt
00:00:05]} Nc6 {[%clk 01:32:30]} {[%emt 00:00:20]} 7. O-O {[%clk 01:29:47]}
{[%emt 00:01:27]} e5 {[%clk 01:32:58]} {[%emt 00:00:03]} 8. h3 {[%clk
01:28:57]} {[%emt 00:01:20]} Nh5 {[%clk 01:25:13]} {[%emt 00:08:14]} 9. Bg5
{[%clk 01:27:02]} {[%emt 00:02:25]} f6 {[%clk 01:22:49]} {[%emt 00:02:55]} 10.
Be3 {[%clk 01:26:38]} {[%emt 00:00:54]} f5 {[%clk 01:20:29]} {[%emt 00:02:50]}
11. Bg5 {[%clk 01:26:14]} {[%emt 00:00:53]} Qe8 {[%clk 01:18:19]} {[%emt
00:02:41]} 12. Nd5 {[%clk 01:17:22]} {[%emt 00:09:22]} Qf7 {[%clk 01:12:39]}
{[%emt 00:06:10]} 13. dxe5 {[%clk 01:15:10]} {[%emt 00:02:42]} dxe5 {[%clk
01:11:43]} {[%emt 00:01:26]} 14. Be3 {[%clk 01:13:46]} {[%emt 00:01:54]} h6
{[%clk 01:09:26]} {[%emt 00:02:47]} 15. Qd2 {[%clk 01:07:28]} {[%emt 00:06:47]}
f4 {[%clk 01:06:58]} {[%emt 00:02:59]} 16. Bc5 {[%clk 01:07:01]} {[%emt
00:00:56]} Rd8 {[%clk 01:06:52]} {[%emt 00:00:37]} 17. g4 {[%clk 01:06:33]}
{[%emt 00:00:58]} Nf6 {[%clk 01:07:01]} {[%emt 00:00:21]} 18. Rad1 {[%clk
01:00:31]} {[%emt 00:06:32]} Be6 {[%clk 01:04:09]} {[%emt 00:03:22]} 19. Ne1
{[%clk 00:52:28]} {[%emt 00:08:33]} e4 {[%clk 00:54:45]} {[%emt 00:09:54]} 20.
Qxf4 {[%clk 00:49:01]} {[%emt 00:03:56]} Nxd5 {[%clk 00:53:18]} {[%emt
00:01:58]} 21. Qxf7+ {[%clk 00:49:20]} {[%emt 00:00:11]} Bxf7 {[%clk 00:53:21]}
{[%emt 00:00:27]} 22. cxd5 {[%clk 00:49:37]} {[%emt 00:00:13]} Bxd5 {[%clk
00:50:20]} {[%emt 00:03:31]} 23. b3 {[%clk 00:49:28]} {[%emt 00:00:39]} b6
{[%clk 00:42:54]} {[%emt 00:07:56]} 24. Be3 {[%clk 00:48:32]} {[%emt 00:01:25]}
Nb4 {[%clk 00:42:49]} {[%emt 00:00:35]} 25. a3 {[%clk 00:46:23]} {[%emt
00:02:40]} Na2 {[%clk 00:41:29]} {[%emt 00:01:50]} 26. Rxd5 {[%clk 00:46:22]}
{[%emt 00:00:30]} Rxd5 {[%clk 00:41:41]} {[%emt 00:00:19]} 27. Bxe4 {[%clk
00:46:49]} {[%emt 00:00:02]} Rad8 {[%clk 00:40:48]} {[%emt 00:01:23]} 28. Bxd5+
{[%clk 00:47:00]} {[%emt 00:00:19]} Rxd5 {[%clk 00:41:09]} {[%emt 00:00:09]} 29.
Nf3 {[%clk 00:44:38]} {[%emt 00:02:51]} Nc3 {[%clk 00:38:11]} {[%emt 00:03:29]}
30. Re1 {[%clk 00:44:56]} {[%emt 00:00:12]} Bf8 {[%clk 00:37:32]} {[%emt
00:01:09]} 31. a4 {[%clk 00:38:09]} {[%emt 00:07:17]} Kh7 {[%clk 00:36:33]}
{[%emt 00:01:29]} 32. Kf1 {[%clk 00:37:46]} {[%emt 00:00:53]} a5 {[%clk
00:30:08]} {[%emt 00:06:56]} 33. Rc1 {[%clk 00:35:39]} {[%emt 00:02:34]} Bg7
{[%clk 00:27:57]} {[%emt 00:02:42]} 34. Ke1 {[%clk 00:32:54]} {[%emt 00:03:16]}
b5 {[%clk 00:20:33]} {[%emt 00:07:54]} 35. Bd2 {[%clk 00:29:37]} {[%emt
00:03:46]} b4 {[%clk 00:19:40]} {[%emt 00:01:23]} 36. Bf4 {[%clk 00:28:40]}
{[%emt 00:01:26]} c6 {[%clk 00:17:07]} {[%emt 00:03:04]} 37. Nd2 {[%clk
00:27:40]} {[%emt 00:01:29]} Rc5 {[%clk 00:13:01]} {[%emt 00:04:38]} 38. e4
{[%clk 00:21:03]} {[%emt 00:07:06]} Nxa4 {[%clk 00:12:31]} {[%emt 00:01:01]} 39.
Nc4 {[%clk 00:18:00]} {[%emt 00:03:33]} Nc3 {[%clk 00:11:57]} {[%emt 00:01:04]}
40. Bd6 {[%clk 00:12:22]} {[%emt 00:06:07]} Nxe4 {[%clk 00:06:29]} {[%emt
00:05:58]} 41. Bxc5 {[%clk 00:12:29]} {[%emt 00:00:23]} Nxc5 {[%clk 00:06:58]}
{[%emt 00:00:01]} 42. Nxa5 {[%clk 00:12:26]} {[%emt 00:00:33]} Nd3+ {[%clk
00:07:20]} {[%emt 00:00:08]} 43. Kd2 {[%clk 00:11:54]} {[%emt 00:01:02]} Nxc1
{[%clk 00:07:25]} {[%emt 00:00:26]} 44. Kxc1 {[%clk 00:12:21]} {[%emt
00:00:02]} c5 {[%clk 00:07:38]} {[%emt 00:00:17]} 45. Kc2 {[%clk 00:12:36]}
{[%emt 00:00:15]} Bd4 {[%clk 00:06:50]} {[%emt 00:01:18]} 46. f3 {[%clk
00:12:12]} {[%emt 00:00:41]} Kg7 {[%clk 00:06:50]} {[%emt 00:00:44]} 47. Kd3
{[%clk 00:12:39]} {[%emt 00:00:03]} Kf6 {[%clk 00:06:45]} {[%emt 00:00:34]} 48.
Ke4 {[%clk 00:08:58]} {[%emt 00:04:11]} Kg5 {[%clk 00:04:16]} {[%emt 00:03:01]}
49. Nc6 {[%clk 00:08:21]} {[%emt 00:01:05]} Kh4 {[%clk 00:03:23]} {[%emt
00:01:24]} 50. Nxd4 {[%clk 00:08:42]} {[%emt 00:00:10]} cxd4 {[%clk 00:03:49]}
{[%emt 00:00:04]} 51. f4 {[%clk 00:08:45]} {[%emt 00:00:26]} h5 {[%clk
00:01:34]} {[%emt 00:02:46]} 52. gxh5 {[%clk 00:07:39]} {[%emt 00:01:35]} Kxh5
{[%clk 00:01:08]} {[%emt 00:00:56]} 53. Kxd4 {[%clk 00:07:49]} {[%emt
00:00:20]} Kh4 {[%clk 00:01:34]} {[%emt 00:00:04]} 54. Kc4 {[%clk 00:08:05]}
{[%emt 00:00:15]} Kxh3 {[%clk 00:01:52]} {[%emt 00:00:12]} 55. Kxb4 {[%clk
00:08:20]} {[%emt 00:00:14]} Kg4 {[%clk 00:02:17]} {[%emt 00:00:05]} 56. Kc5
{[%clk 00:07:35]} {[%emt 00:01:16]} Kxf4 {[%clk 00:02:36]} {[%emt 00:00:11]} 57.
b4 {[%clk 00:08:00]} {[%emt 00:00:05]} g5 {[%clk 00:02:38]} {[%emt 00:00:29]}
58. b5 {[%clk 00:08:28]} {[%emt 00:00:01]} g4 {[%clk 00:02:41]} {[%emt
00:00:27]} 59. b6 {[%clk 00:08:54]} {[%emt 00:00:04]} g3 {[%clk 00:02:54]}
{[%emt 00:00:15]} 60. b7 {[%clk 00:09:22]} {[%emt 00:00:03]} g2 {[%clk
00:02:15]} {[%emt 00:01:09]} 61. b8=Q+ {[%clk 00:09:46]} {[%emt 00:00:05]} Kf3
{[%clk 00:02:04]} {[%emt 00:00:42]} 62. Qf8+ {[%clk 00:09:43]} {[%emt
00:00:32]} Ke2 {[%clk 00:02:02]} {[%emt 00:00:33]} 63. Qg7 {[%clk 00:10:07]}
{[%emt 00:00:07]} Kf1 {[%clk 00:02:13]} {[%emt 00:00:18]} 64. Qf6+ {[%clk
00:10:31]} {[%emt 00:00:06]} Ke1 {[%clk 00:02:39]} {[%emt 00:00:04]} 65. Qg5
{[%clk 00:10:55]} {[%emt 00:00:06]} Kf1 {[%clk 00:02:57]} {[%emt 00:00:11]} 66.
Qf4+ {[%clk 00:11:20]} {[%emt 00:00:05]} Kg1 {[%clk 00:03:14]} {[%emt
00:00:14]} 67. Kd4 {[%clk 00:10:14]} {[%emt 00:01:36]} Kh1 {[%clk 00:03:36]}
{[%emt 00:00:08]} 68. Qh4+ {[%clk 00:10:37]} {[%emt 00:00:06]} Kg1 {[%clk
00:03:56]} {[%emt 00:00:10]} 69. Ke3 {[%clk 00:10:29]} {[%emt 00:00:38]} Kf1
{[%clk 00:04:21]} {[%emt 00:00:05]} 70. Qf2# {[%clk 00:10:13]} {[%emt
00:00:15]}  1-0

[Event "1st 4NCL Easter Congress"]
[Site "Stevenage"]
[Date "2019.04.22"]
[Round "6"]
[Board "11"]
[White "Bagley, Andy J"]
[Black "Nwachukwu, Chino"]
[Result "1-0"]
[WhiteElo "1853"]
[BlackElo "1899"]
[PlyCount "0"]
[EventDate "2019.04.19"]
[EventRounds "7"]
[EventCountry "ENG"]

1. d4 {[%clk 01:30:57]} {[%emt 00:00:02]} Nf6 {[%clk 01:26:01]} {[%emt
00:04:59]} 2. c4 {[%clk 01:30:36]} {[%emt 00:00:52]} d5 {[%clk 01:26:28]}
{[%emt 00:00:03]} 3. cxd5 {[%clk 01:30:43]} {[%emt 00:00:23]} Qxd5 {[%clk
01:26:49]} {[%emt 00:00:09]} 4. Nc3 {[%clk 01:30:29]} {[%emt 00:00:44]} Qa5
{[%clk 01:26:43]} {[%emt 00:00:37]} 5. Nf3 {[%clk 01:27:24]} {[%emt 00:03:35]}
Bf5 {[%clk 01:27:02]} {[%emt 00:00:11]} 6. Bd2 {[%clk 01:21:17]} {[%emt
00:06:36]} Qb6 {[%clk 01:26:10]} {[%emt 00:01:22]} 7. Qa4+ {[%clk 01:14:11]}
{[%emt 00:07:36]} c6 {[%clk 01:26:03]} {[%emt 00:00:38]} 8. Nh4 {[%clk
01:12:08]} {[%emt 00:02:32]} Bd7 {[%clk 01:24:47]} {[%emt 00:01:46]} 9. e3
{[%clk 01:06:26]} {[%emt 00:06:12]} c5 {[%clk 01:23:57]} {[%emt 00:01:20]} 10.
Bb5 {[%clk 00:58:02]} {[%emt 00:08:54]} cxd4 {[%clk 01:24:14]} {[%emt
00:00:13]} 11. Bxd7+ {[%clk 00:58:09]} {[%emt 00:00:23]} Nbxd7 {[%clk
01:24:35]} {[%emt 00:00:09]} 12. Nb5 {[%clk 00:51:10]} {[%emt 00:07:29]} a6
{[%clk 01:16:26]} {[%emt 00:08:40]} 13. Nxd4 {[%clk 00:47:54]} {[%emt
00:03:46]} e6 {[%clk 01:16:53]} {[%emt 00:00:02]} 14. Qb3 {[%clk 00:44:31]}
{[%emt 00:03:53]} Qa7 {[%clk 01:11:45]} {[%emt 00:05:39]} 15. O-O {[%clk
00:44:05]} {[%emt 00:00:56]} Be7 {[%clk 01:12:05]} {[%emt 00:00:10]} 16. Nhf3
{[%clk 00:44:10]} {[%emt 00:00:24]} O-O {[%clk 01:12:25]} {[%emt 00:00:11]} 17.
Rac1 {[%clk 00:43:33]} {[%emt 00:01:07]} Nc5 {[%clk 01:12:30]} {[%emt
00:00:24]} 18. Qc2 {[%clk 00:42:02]} {[%emt 00:02:01]} Rac8 {[%clk 01:12:52]}
{[%emt 00:00:08]} 19. b4 {[%clk 00:40:04]} {[%emt 00:02:28]} Nce4 {[%clk
01:10:42]} {[%emt 00:02:40]} 20. Qxc8 {[%clk 00:40:25]} {[%emt 00:00:10]} Rxc8
{[%clk 01:11:00]} {[%emt 00:00:12]} 21. Rxc8+ {[%clk 00:40:51]} {[%emt
00:00:04]} Bf8 {[%clk 01:11:25]} {[%emt 00:00:05]} 22. Rfc1 {[%clk 00:37:16]}
{[%emt 00:04:05]} Nd6 {[%clk 01:11:39]} {[%emt 00:00:16]} 23. R8c7 {[%clk
00:36:30]} {[%emt 00:01:16]} Nd5 {[%clk 01:11:38]} {[%emt 00:00:31]} 24. R7c2
{[%clk 00:34:47]} {[%emt 00:02:13]} g6 {[%clk 01:11:50]} {[%emt 00:00:18]} 25.
a3 {[%clk 00:33:10]} {[%emt 00:02:07]} Qb6 {[%clk 01:10:58]} {[%emt 00:01:22]}
26. Ne5 {[%clk 00:31:02]} {[%emt 00:02:38]} Qd8 {[%clk 01:10:58]} {[%emt
00:00:30]} 27. Nc4 {[%clk 00:30:06]} {[%emt 00:01:26]} Ne4 {[%clk 01:10:34]}
{[%emt 00:00:54]} 28. Na5 {[%clk 00:29:36]} {[%emt 00:01:01]} Nxd2 {[%clk
01:08:24]} {[%emt 00:02:39]} 29. Rxd2 {[%clk 00:29:57]} {[%emt 00:00:09]} Qg5
{[%clk 01:08:09]} {[%emt 00:00:45]} 30. Nf3 {[%clk 00:29:15]} {[%emt 00:01:12]}
Qe7 {[%clk 01:06:54]} {[%emt 00:01:44]} 31. Rdc2 {[%clk 00:29:00]} {[%emt
00:00:46]} Bh6 {[%clk 01:06:59]} {[%emt 00:00:25]} 32. Rd1 {[%clk 00:26:46]}
{[%emt 00:02:43]} f5 {[%clk 01:04:27]} {[%emt 00:03:02]} 33. Rc8+ {[%clk
00:25:11]} {[%emt 00:02:05]} Bf8 {[%clk 01:03:49]} {[%emt 00:01:09]} 34. Rdc1
{[%clk 00:23:33]} {[%emt 00:02:09]} b6 {[%clk 00:58:31]} {[%emt 00:05:47]} 35.
Nc6 {[%clk 00:23:32]} {[%emt 00:00:31]} Qd6 {[%clk 00:57:31]} {[%emt 00:01:30]}
36. Nce5 {[%clk 00:23:46]} {[%emt 00:00:16]} Ne7 {[%clk 00:57:23]} {[%emt
00:00:38]} 37. R8c7 {[%clk 00:23:08]} {[%emt 00:01:09]} g5 {[%clk 00:56:57]}
{[%emt 00:00:55]} 38. Rd7 {[%clk 00:22:41]} {[%emt 00:00:57]} Qb8 {[%clk
00:54:16]} {[%emt 00:03:12]} 39. Nc6 {[%clk 00:20:58]} {[%emt 00:02:13]} Nxc6
{[%clk 00:52:06]} {[%emt 00:02:39]} 40. Rxc6 {[%clk 00:21:26]} {[%emt
00:00:02]} Qe8 {[%clk 00:52:26]} {[%emt 00:00:11]} 41. Rcc7 {[%clk 00:20:59]}
{[%emt 00:00:56]} h6 {[%clk 00:51:04]} {[%emt 00:01:52]} 42. Ne5 {[%clk
00:19:43]} {[%emt 00:01:47]} a5 {[%clk 00:50:53]} {[%emt 00:00:41]} 43. bxa5
{[%clk 00:18:58]} {[%emt 00:01:14]} bxa5 {[%clk 00:51:20]} {[%emt 00:00:03]} 44.
Nc6 {[%clk 00:17:42]} {[%emt 00:01:47]} Qh5 {[%clk 00:45:27]} {[%emt 00:06:23]}
45. Rd2 {[%clk 00:14:42]} {[%emt 00:03:29]} f4 {[%clk 00:42:55]} {[%emt
00:03:02]} 46. Rc8 {[%clk 00:13:35]} {[%emt 00:01:38]} Qg4 {[%clk 00:39:40]}
{[%emt 00:03:44]} 47. h3 {[%clk 00:13:06]} {[%emt 00:00:59]} Qf5 {[%clk
00:39:25]} {[%emt 00:00:45]} 48. Ne7+ {[%clk 00:13:22]} {[%emt 00:00:15]}  1-0

[Event "1st 4NCL Easter Congress"]
[Site "Stevenage"]
[Date "2019.04.22"]
[Round "6"]
[Board "13"]
[White "Flynn, David"]
[Black "Volovich, Julia"]
[Result "1-0"]
[WhiteElo "1871"]
[BlackElo "1753"]
[PlyCount "0"]
[EventDate "2019.04.19"]
[EventRounds "7"]
[EventCountry "ENG"]

1. e4 {[%clk 01:29:13]} {[%emt 00:01:47]} e6 {[%clk 01:30:57]} {[%emt
00:00:03]} 2. d4 {[%clk 01:29:39]} {[%emt 00:00:04]} d5 {[%clk 01:31:23]}
{[%emt 00:00:04]} 3. Nd2 {[%clk 01:30:02]} {[%emt 00:00:07]} dxe4 {[%clk
01:31:49]} {[%emt 00:00:04]} 4. Nxe4 {[%clk 01:30:27]} {[%emt 00:00:05]} Nd7
{[%clk 01:32:14]} {[%emt 00:00:05]} 5. g3 {[%clk 01:30:15]} {[%emt 00:00:42]}
Be7 {[%clk 01:32:36]} {[%emt 00:00:08]} 6. Bg2 {[%clk 01:28:30]} {[%emt
00:02:16]} Ngf6 {[%clk 01:32:59]} {[%emt 00:00:07]} 7. Nxf6+ {[%clk 01:28:43]}
{[%emt 00:00:16]} Bxf6 {[%clk 01:33:22]} {[%emt 00:00:07]} 8. Ne2 {[%clk
01:19:08]} {[%emt 00:10:06]} O-O {[%clk 01:32:16]} {[%emt 00:01:35]} 9. Be3
{[%clk 01:18:02]} {[%emt 00:01:35]} c6 {[%clk 01:27:49]} {[%emt 00:04:58]} 10.
c4 {[%clk 01:15:05]} {[%emt 00:03:27]} Nb6 {[%clk 01:18:25]} {[%emt 00:09:54]}
11. Qc2 {[%clk 01:12:14]} {[%emt 00:03:21]} e5 {[%clk 01:14:05]} {[%emt
00:04:50]} 12. Rd1 {[%clk 01:07:18]} {[%emt 00:05:26]} exd4 {[%clk 01:08:16]}
{[%emt 00:06:18]} 13. Nxd4 {[%clk 01:06:26]} {[%emt 00:01:23]} Bg4 {[%clk
01:04:11]} {[%emt 00:04:35]} 14. Rd2 {[%clk 00:57:44]} {[%emt 00:09:12]} Qe7
{[%clk 00:58:43]} {[%emt 00:05:58]} 15. O-O {[%clk 00:55:37]} {[%emt 00:02:37]}
Rad8 {[%clk 00:57:15]} {[%emt 00:01:59]} 16. b3 {[%clk 00:47:45]} {[%emt
00:08:22]} Rfe8 {[%clk 00:50:22]} {[%emt 00:07:23]} 17. h3 {[%clk 00:43:45]}
{[%emt 00:04:30]} Bh5 {[%clk 00:48:12]} {[%emt 00:02:40]} 18. Bxc6 {[%clk
00:29:56]} {[%emt 00:14:19]} Bxd4 {[%clk 00:37:07]} {[%emt 00:11:36]} 19. Bxe8
{[%clk 00:27:49]} {[%emt 00:02:37]} Bxe3 {[%clk 00:37:09]} {[%emt 00:00:28]} 20.
Rxd8 {[%clk 00:17:13]} {[%emt 00:11:06]} Qxd8 {[%clk 00:37:08]} {[%emt
00:00:31]} 21. Bxf7+ {[%clk 00:16:22]} {[%emt 00:01:21]} Bxf7 {[%clk 00:37:30]}
{[%emt 00:00:07]} 22. fxe3 {[%clk 00:16:41]} {[%emt 00:00:12]} Qe7 {[%clk
00:35:25]} {[%emt 00:02:33]} 23. Qf2 {[%clk 00:15:03]} {[%emt 00:02:10]} Nd7
{[%clk 00:34:20]} {[%emt 00:01:34]} 24. Qf4 {[%clk 00:12:56]} {[%emt 00:02:38]}
b6 {[%clk 00:26:49]} {[%emt 00:08:01]} 25. Rd1 {[%clk 00:12:27]} {[%emt
00:00:59]} Nf6 {[%clk 00:25:35]} {[%emt 00:01:43]} 26. Rd4 {[%clk 00:10:51]}
{[%emt 00:02:07]} Bg6 {[%clk 00:21:54]} {[%emt 00:04:11]} 27. g4 {[%clk
00:07:41]} {[%emt 00:03:40]} Ne4 {[%clk 00:17:36]} {[%emt 00:04:49]} 28. Qb8+
{[%clk 00:07:38]} {[%emt 00:00:33]} Be8 {[%clk 00:17:24]} {[%emt 00:00:41]} 29.
Qd8 {[%clk 00:06:58]} {[%emt 00:01:10]} Qe5 {[%clk 00:14:07]} {[%emt 00:03:44]}
30. Qd5+ {[%clk 00:07:14]} {[%emt 00:00:17]} Qxd5 {[%clk 00:14:33]} {[%emt
00:00:05]} 31. cxd5 {[%clk 00:05:55]} {[%emt 00:01:49]} Nc3 {[%clk 00:13:43]}
{[%emt 00:01:20]} 32. Rd2 {[%clk 00:05:11]} {[%emt 00:01:14]} Ne4 {[%clk
00:13:44]} {[%emt 00:00:28]} 33. Rd3 {[%clk 00:04:15]} {[%emt 00:01:26]} Bg6
{[%clk 00:12:14]} {[%emt 00:01:59]} 34. d6 {[%clk 00:03:28]}  1-0

[Event "1st 4NCL Easter Congress"]
[Site "Stevenage"]
[Date "2019.04.22"]
[Round "6"]
[Board "14"]
[White "Valjee, Ashir V"]
[Black "Hughes, Peter"]
[Result "1-0"]
[WhiteElo "1462"]
[BlackElo "1820"]
[PlyCount "83"]
[EventDate "2019.04.19"]
[EventRounds "7"]
[EventCountry "ENG"]

1. e4 d6 2. d4 Nf6 3. Nc3 e5 4. Nf3 exd4 5. Nxd4 Be7 6. Bf4 O-O 7. Qd2 Re8 8.
O-O-O Bf8 9. f3 c6 10. g4 b5 11. h4 b4 12. Na4 Qa5 13. b3 Nfd7 14. Kb1 Ne5 15.
Be2 Bd7 16. Nf5 d5 17. exd5 cxd5 18. Qxd5 Qxd5 19. Rxd5 Bxa4 20. bxa4 Ng6 21.
Be3 Nc6 22. Bb5 Rec8 23. Ba6 Rc7 24. h5 Nge7 25. Nxe7+ Nxe7 26. Rc5 Rxc5 27.
Bxc5 Nd5 28. Bxf8 Kxf8 29. Kb2 Rb8 30. Rd1 Nc3 31. Rd7 Nxa4+ 32. Kc1 Nc5 33.
Rxa7 Nxa6 34. Rxa6 Rb7 35. Ra4 Ke7 36. Kb2 Kd6 37. Kb3 Kc5 38. Ra5+ Kd4 39. Rf5
Ke3 40. g5 Kd4 41. Rf4+ Kc5 42. Rc4+  1-0

[Event "1st 4NCL Easter Congress"]
[Site "Stevenage"]
[Date "2019.04.22"]
[Round "6"]
[Board "15"]
[White "Jacob, Sydney J"]
[Black "Burgoyne, Peter A"]
[Result "1-0"]
[WhiteElo "1820"]
[BlackElo "1633"]
[PlyCount "97"]
[EventDate "2019.04.19"]
[EventRounds "7"]
[EventCountry "ENG"]

1. e4 c5 2. c3 d5 3. exd5 Qxd5 4. Nf3 Nf6 5. d4 Bg4 6. Be2 e6 7. O-O Be7 8. Be3
cxd4 9. cxd4 O-O 10. Nc3 Qd8 11. Qb3 Qb6 12. Qxb6 axb6 13. h3 Bh5 14. d5 Nxd5
15. Nxd5 exd5 16. Bxb6 Nd7 17. Bd4 Bf6 18. Rfd1 Rfe8 19. Kf1 Rac8 20. g4 Bg6
21. Rac1 Bxd4 22. Nxd4 Nf6 23. f3 h5 24. Kf2 hxg4 25. hxg4 Red8 26. Nb5 Rxc1
27. Rxc1 d4 28. Bc4 d3 29. Rd1 Nd5 30. Bxd5 Rxd5 31. Nc3 Ra5 32. a3 f5 33. Rxd3
fxg4 34. Rd8+ Kh7 35. fxg4 Ra6 36. Rd7 Rb6 37. b4 Rc6 38. Nd5 b5 39. g5 Bf5 40.
Rd8 Rg6 41. Ne7 Rxg5 42. Rd5 g6 43. Rxb5 Rh5 44. Nxf5 gxf5 45. a4 Kg6 46. a5
Rh2+ 47. Kf3 Kg5 48. a6 Ra2 49. Ra5  1-0

[Event "1st 4NCL Easter Congress"]
[Site "Stevenage"]
[Date "2019.04.22"]
[Round "6"]
[Board "16"]
[White "Shenbagakumar, Gautham"]
[Black "Procter, Colin S"]
[Result "0-1"]
[WhiteElo "1507"]
[BlackElo "1776"]
[PlyCount "124"]
[EventDate "2019.04.19"]
[EventRounds "7"]
[EventCountry "ENG"]

1. e4 d5 2. exd5 Qxd5 3. Nc3 Qd6 4. d4 Nf6 5. Nf3 c6 6. Be2 Bf5 7. O-O e6 8.
Ne5 Nbd7 9. Bf4 Nxe5 10. Bxe5 Qd8 11. Bf3 Bd6 12. Qe2 Bxe5 13. dxe5 Nd7 14.
Rad1 Qc7 15. Rfe1 O-O 16. g3 Rad8 17. Bg2 h6 18. Kh1 Qb6 19. Rb1 Qc7 20. f4 Nb6
21. g4 Bh7 22. Ne4 Bxe4 23. Bxe4 Nd5 24. Qf3 f6 25. Bxd5 cxd5 26. Qg2 Qc4 27.
exf6 Rxf6 28. f5 exf5 29. gxf5 Rxf5 30. Re2 Rg5 31. Qf2 Rf8 32. Qe3 Qc6 33.
Qe6+ Qxe6 34. Rxe6 Rf2 35. Rg1 Rxg1+ 36. Kxg1 Rxc2 37. Rd6 Rxb2 38. Rxd5 Rxa2
39. Rb5 b6 40. h4 Kf7 41. Kf1 Ke6 42. h5 Ra5 43. Rxa5 bxa5 44. Ke2 Kf5 45. Kd3
Kg5 46. Kc4 Kxh5 47. Kb5 Kg4 48. Kxa5 h5 49. Ka6 h4 50. Kxa7 h3 51. Kb6 h2 52.
Kc5 h1=Q 53. Kd4 Qf3 54. Kc4 Qe3 55. Kb4 Qd3 56. Kc5 Kf5 57. Kc6 Ke6 58. Kc7
Qc4+ 59. Kb6 Kd6 60. Ka7 Qb3 61. Ka8 Kc6 62. Ka7 Qb7#  0-1

[Event "1st 4NCL Easter Congress"]
[Site "Stevenage"]
[Date "2019.04.22"]
[Round "6"]
[Board "17"]
[White "Brocklehurst, Andrew"]
[Black "Sandhu, Manvith"]
[Result "1-0"]
[WhiteElo "1900"]
[BlackElo "1564"]
[PlyCount "83"]
[EventDate "2019.04.19"]
[EventRounds "7"]
[EventCountry "ENG"]

1. e4 Nc6 2. d4 d5 3. e5 Bf5 4. Nf3 e6 5. a3 Nge7 6. h3 Bg6 7. Bd3 Bxd3 8. Qxd3
Ng6 9. c4 dxc4 10. Qxc4 Nge7 11. Nc3 Nf5 12. Bg5 Be7 13. Bxe7 Nfxe7 14. O-O O-O
15. Rfd1 Nf5 16. d5 exd5 17. Nxd5 Qc8 18. Rac1 Re8 19. Qg4 Kh8 20. b4 Nfe7 21.
b5 Qxg4 22. hxg4 Nxd5 23. Rxd5 Ne7 24. Rd7 Rac8 25. Rcxc7 Rxc7 26. Rxc7 a6 27.
bxa6 bxa6 28. Ra7 Ng6 29. Rxa6 h6 30. Ra5 Rb8 31. g3 Rb1+ 32. Kg2 Ra1 33. Nh4
Ne7 34. Nf5 Nc6 35. Rc5 g6 36. Rxc6 gxf5 37. gxf5 Rxa3 38. Rxh6+ Kg7 39. Rc6
Ra5 40. e6 Rxf5 41. Rc7 Kg8 42. Rc8+  1-0